Music Quiz

Random Music or Artist Quiz

Name the Album or the Artist Quiz Stats

 Plays Quiz Updated Nov 10, 2017

Challenge
Share
Tweet
Embed
Score 0/40 Timer 05:00
6 Plays Today
Song Answer % Correct
Smells Like Teen Spirit - artist???
89%
Eleanor Rigby - artist???
88.8%
Sweet Child o' Mine - artist???
85.1%
Pinball Wizard - artist???
80.2%
You Shook Me All Night Long - artist???
76.4%
Good Riddance (Time of Your Life) - artist???
72.4%
Brown Sugar - artist???
72.2%
When Doves Cry - artist???
69.3%
Seven Nation Army - artist???
68.3%
Wouldn't It Be Nice - artist???
65.4%
Riders on the Storm - artist???
63.2%
You Can Call Me Al - artist???
55.9%
Smells Like Teen Spirit - album???
50.6%
D'yer Mak'er - artist???
49.9%
Thunder Road - artist???
49.1%
Tangled Up in Blue - artist???
44.3%
Sweet Child o' Mine - album???
39%
Pinball Wizard - album???
38.1%
You Shook Me All Night Long - album???
37.5%
When Doves Cry - album???
33.7%
Song Answer % Correct
My My, Hey Hey (Out of the Blue) - artist???
31.9%
Wouldn't It Be Nice - album???
31.6%
Radio Free Europe - artist???
30.9%
Eleanor Rigby - album???
29.5%
You Can Call Me Al - album???
26.3%
Seven Nation Army - album???
25.5%
Thunder Road - album???
22.4%
Living for the City - artist???
22.1%
D'yer Mak'er - album???
19.7%
Brown Sugar - album???
19.6%
Good Riddance (Time of Your Life) - album???
16.5%
Riders on the Storm - album???
14%
Tangled Up in Blue - album???
13.1%
Inner City Blues (Make Me Wanna Holler) - artist???
12.6%
Radio Free Europe - album???
9%
Less Than Zero - artist???
8%
My My, Hey Hey (Out of the Blue) - album???
7.8%
Living for the City - album???
7.4%
Inner City Blues (Make Me Wanna Holler) - album???
7%
Less Than Zero - album???
3.9%

You're not logged in!

Compare scores with friends on all Sporcle quizzes.
OR
Log In

You Might Also Like...

Show Comments

Extras

Top Quizzes Today


Score Distribution

Your Account Isn't Verified!

In order to create a playlist on Sporcle, you need to verify the email address you used during registration. Go to your Sporcle Settings to finish the process.

Report this User

Report this user for behavior that violates our Community Guidelines.

Details: